Places mentioned by Taylor Swift - Statistics

General Stats
  • This quiz has been taken 183 times
    15 since last reset
  • The average score is 21 of 49
Answer Stats
Type of Place Song Answer % Correct
State "Fortnight" | "Florida!!!" Florida
93%
City "When Emma Falls in Love (Taylor’s Version)" | "Come Back...Be Here (Taylor's Version)" | "Welcome To New York (Taylor’s Version)" | "False God" | "Daylight" | "hoax" | "Maroon" | "Elizabeth Taylor" New York City
93%
City "Come Back...Be Here (Taylor's Version)" | "Message In A Bottle (Taylor's Version) (From The Vault)" | "London Boy" | "Beautiful Ghosts" | "So Long, London" London
86%
City "When Emma Falls in Love (Taylor’s Version)" | "The Very First Night (Taylor's Version) (From The Vault)" | "invisible string" | "'tis the damn season" | "Clara Bow" Los Angeles
79%
State "London Boy" Tennessee
79%
Continent "Bigger Than The Whole Sky" Asia
71%
State "the last great american dynasty" Rhode Island
71%
State "Florida!!!" | "I Can Fix Him (No Really I Can)" Texas
71%
Historical Province "champagne problems" | "Paris" Champagne
64%
Street "Cornelia Street" Cornelia Street
64%
State "Tim McGraw" Georgia
64%
City "Paris" Paris
64%
State "seven" Pennsylvania
64%
Country "seven" India
57%
Borough "All Too Well (10 Minute Version) (Taylor's Version) (From The Vault)" Brooklyn
50%
Park "invisible string" Centennial Park
50%
Celestial Object "Ronan (Taylor's Version)" Moon
50%
City "The Man" Saint-Tropez
50%
Country "Fortnight" United States
50%
Ancient City "cowboy like me" Babylon
43%
River "Guilty as Sin?" Blue Nile
43%
Borough "Clara Bow" Manhattan
43%
London District "London Boy" West End
43%
NYC Neighborhood "False God" West Village
43%
City "I Bet You Think About Me (Taylor's Version) (From The Vault)" Beverly Hills
36%
Park "The Bolter" Central Park
36%
NYC Neighborhood "coney island" Coney Island
36%
City "Florida!!!" Destin
36%
City "Elizabeth Taylor" Portofino
36%
Celestial Object "seven" Saturn
36%
City "the last great american dynasty" St. Louis
36%
Street "London Boy" Bond Street
29%
London Neighborhood "London Boy" Brixton
29%
Shopping Area "London Boy" Camden Market
29%
Stadium "The Lucky One (Taylor's Version)" Madison Square Garden
29%
London District "London Boy" Shoreditch
29%
City "dorothea" Tupelo
29%
City "White Horse (Taylor's Version)" | "Elizabeth Taylor" Hollywood
21%
Region "London Boy" SoCal
21%
London Neighborhood "London Boy" Soho
21%
Lake "the lakes Windermere
21%
Street "I Think He Knows" 16th Avenue
14%
Street "Ruin the Friendship" Gallatin Road
14%
Borough "London Boy" Hackney
14%
London Suburb "London Boy" Highgate
14%
City "Life of a Showgirl" Lenox
14%
Street “”Slut!” (Taylor’s Version) (From the Vault)” Sunrise Blvd
14%
City "Sweet Nothing" Wicklow
14%
State "Carolina" North Carolina
7%
No matching quizzes found
Score Distribution
Percent of People with Each Score
Percentile by Number Answered
Your Score History
You have not taken this quiz since the last reset